| 000 | 00785nam a2200277Ia 4500 | ||
|---|---|---|---|
| 001 | dia_4972 | ||
| 003 | CHAP | ||
| 005 | 20251027153351.0 | ||
| 008 | 220117s1981 xx 000 0 und d | ||
| 010 | _a175784 | ||
| 020 | _a968-18-1242-5 | ||
| 040 | _cCHAP | ||
| 082 | _a620.1126 D53 1981 | ||
| 100 |
_aDíaz, Jorge Ivan _9157203 |
||
| 245 |
_aResistencia de materiales / _c Jorge Ivan Díaz y Sergio H. Zapata |
||
| 260 |
_aMéxico : _b Limusa, _c1981 |
||
| 300 | _a579 p. | ||
| 503 | _aC/e | ||
| 650 |
_aMateriales _972941 |
||
| 650 |
_aResistencia de materiales _996123 |
||
| 700 |
_aZapata, Sergio H., coaut. _9157204 |
||
| 901 | _a620.1126 D53 1981 | ||
| 902 | _aA | ||
| 905 | _a5232271981 mx ain 8222223322spa16 | ||
| 942 |
_cLIBRO _2ddc |
||
| 999 |
_c175784 _d175784 |
||